Pure Freedom (Record no. 2350)

MARC details
000 -LEADER
fixed length control field 00558nam a22001817a 4500
005 - DATE AND TIME OF LATEST TRANSACTION
control field 20181011180747.0
008 - FIXED-LENGTH DATA ELEMENTS--GENERAL INFORMATION
fixed length control field 181011b ||||| |||| 00| 0 eng d
020 ## - INTERNATIONAL STANDARD BOOK NUMBER
International Standard Book Number 1885904347
040 ## - CATALOGING SOURCE
Transcribing agency DLC
082 ## - DEWEY DECIMAL CLASSIFICATION NUMBER
Classification number 242
Item number C6351P
100 ## - MAIN ENTRY--PERSONAL NAME
Personal name Cleveland, Mike
245 ## - TITLE STATEMENT
Title Pure Freedom
Remainder of title Mentor's Guide
Statement of responsibility, etc. Mike Cleveland
260 ## - PUBLICATION, DISTRIBUTION, ETC.
Place of publication, distribution, etc. Bemidji
Name of publisher, distributor, etc. Focus Publishing
Date of publication, distribution, etc. 2002
300 ## - PHYSICAL DESCRIPTION
Extent 184p,;
500 ## - GENERAL NOTE
General note includes Appendix & Note [147-184]
650 ## - SUBJECT ADDED ENTRY--TOPICAL TERM
Topical term or geographic name entry element Pornography--Religious aspects--Christianity
General subdivision Sex addiction--Religious aspects--Christianity
942 ## - ADDED ENTRY ELEMENTS (KOHA)
Source of classification or shelving scheme Dewey Decimal Classification
Koha item type Books
Holdings
Withdrawn status Lost status Source of classification or shelving scheme Damaged status Not for loan Collection code Home library Current library Shelving location Date acquired Total Checkouts Full call number Barcode Date last seen Price effective from Koha item type
    Dewey Decimal Classification     Non-fiction Harvest Mission College Harvest Mission College General Stacks 11.10.2018   242 C6351P 003499 11.10.2018 11.10.2018 Books
    Dewey Decimal Classification     Non-fiction Harvest Mission College Harvest Mission College General Stacks 11.10.2018   242 C6351P 003498 11.10.2018 11.10.2018 Books

OPAC Designed and Maintained by HMC Library Team.
Copyright © HMC Library,Greater Noida, UP.
For any Suggestions/Query Contact library via Email:libhmc@gmail.com